[Event "CAN-op"]
[Site "Edmonton, CAN"]
[Date "2000.07.12"]
[Round "6"]
[White "Olson, Hans"]
[Black "Lawson, Eric"]
[Result "1/2-1/2"]
[WhiteElo "2044"]
[BlackElo "1904"]
[PlyCount "87"]
[EventDate "2000.07.08"]
[EventType "swiss"]
[EventRounds "10"]
[EventCountry "CAN"]

1. e4 c5 2. Nc3 Nc6 3. f4 g6 4. Nf3 Bg7 5. Bb5 Nd4 6. a4 a6 7. Bc4 d6 8. O-O
Bg4 9. Bxf7+ Kxf7 10. Ng5+ Ke8 11. Qxg4 Nxc2 12. Rb1 Qc8 13. Qd1 Nb4 14. Qb3
Nh6 15. Ne6 Bf6 16. Nd5 Nxd5 17. Qxd5 Kd7 18. e5 Qc6 19. Qxc6+ bxc6 20. Nxc5+
dxc5 21. exf6 exf6 22. Rf3 Rab8 23. Rc3 Rb4 24. Rxc5 Rxa4 25. d3 Re8 26. Kf1
Ng4 27. h3 Ne3+ 28. Bxe3 Rxe3 29. Rc4 Rxc4 30. dxc4 Re4 31. g3 Rxc4 32. Ra1 Rb4
33. Rxa6 Rxb2 34. Ra7+ Ke6 35. Rxh7 Kf5 36. Ra7 c5 37. Ra4 Rc2 38. g4+ Ke6 39.
Ra6+ Kf7 40. Ra7+ Kg8 41. Ra8+ Kg7 42. Ra7+ Kh6 43. Ra6 Kg7 44. Ra7+ 1/2-1/2

[Event "CAN-op"]
[Site "Edmonton, CAN"]
[Date "2000.07.13"]
[Round "7"]
[White "Palsson, Halldor"]
[Black "Lawson, Eric"]
[Result "1/2-1/2"]
[WhiteElo "2204"]
[BlackElo "1904"]
[PlyCount "79"]
[EventDate "2000.07.08"]
[EventType "swiss"]
[EventRounds "10"]
[EventCountry "CAN"]

1. d4 Nf6 2. c4 e6 3. Nc3 Bb4 4. Qc2 c5 5. dxc5 Bxc5 6. Nf3 Qb6 7. e3 Be7 8.
Bd3 a6 9. O-O Qc7 10. a3 b6 11. b4 Bb7 12. e4 d6 13. h3 Nbd7 14. Be3 O-O 15.
Rfd1 Rac8 16. Rac1 Qb8 17. Qe2 Rc7 18. Bf4 e5 19. Be3 Rfc8 20. Nd5 Nxd5 21.
cxd5 b5 22. Nh2 Rc3 23. Rxc3 Rxc3 24. Qb2 Qc7 25. Nf1 Qc8 26. Ng3 g6 27. Ne2
Rc7 28. Nc1 Bf6 29. Qa2 Bg7 30. Nb3 Kf8 31. Na5 h6 32. a4 bxa4 33. Qxa4 Nb8 34.
Nxb7 Qxb7 35. Ra1 f5 36. Bxa6 Nxa6 37. Qxa6 Qxb4 38. Ra4 Qb1+ 39. Kh2 Ke7 40.
Qb6 1/2-1/2

[Event "CAN-op"]
[Site "Edmonton, CAN"]
[Date "2000.07.16"]
[Round "10"]
[White "McIntyre, John"]
[Black "Lawson, Eric"]
[Result "0-1"]
[WhiteElo "1992"]
[BlackElo "1904"]
[PlyCount "56"]
[EventDate "2000.07.08"]
[EventType "swiss"]
[EventRounds "10"]
[EventCountry "CAN"]

1. e4 c5 2. f4 Nc6 3. Nf3 g6 4. c3 Bg7 5. Be2 Nf6 6. d3 d6 7. O-O Rb8 8. Qe1 e6
9. f5 exf5 10. Bg5 h6 11. exf5 hxg5 12. fxg6 fxg6 13. Nxg5 Qe7 14. Qg3 Nh5 15.
Bxh5 Rxh5 16. Nf7 Be5 17. Qxg6 Bxh2+ 18. Kh1 Qh4 19. Ng5+ Kd8 20. Nf3 Ne7 21.
Qf7 Qg4 22. Nxh2 Nf5 23. Qf6+ Kc7 24. Kg1 Qe2 25. Nf3 Ne3 26. Qg7+ Bd7 27. Nbd2
Rbh8 28. Qxh8 Qxg2# 0-1

[Event "CYCC U16"]
[Site "Edmonton CAN"]
[Date "2000.07.05"]
[Round "2"]
[White "Lentini, Joseph"]
[Black "Lawson, Eric"]
[Result "0-1"]
[WhiteElo "2135"]
[BlackElo "1862"]
[PlyCount "80"]
[EventDate "2000.07.05"]
[EventType "swiss"]
[EventRounds "6"]
[EventCountry "CAN"]
[Source "CFC"]
[SourceDate "2000.08.??"]

1. e4 c5 2. Nc3 Nc6 3. g3 g6 4. Bg2 Bg7 5. Nge2 e6 6. d3 Nge7 7. Be3 d6 8. O-O
Nd4 9. Rb1 Nec6 10. Qd2 h6 11. h4 a6 12. f4 f5 13. Nd1 O-O 14. c3 Nxe2+ 15.
Qxe2 Bd7 16. h5 Qe8 17. Bf3 Ne7 18. Nf2 Bc6 19. Kg2 Rd8 20. Rh1 b6 21. g4 e5
22. Nh3 d5 23. gxf5 gxf5 24. fxe5 dxe4 25. dxe4 fxe4 26. Bg4 Bxe5 27. Rbd1 Rd3
28. Nf2 Rxe3 29. Qxe3 Bf4 30. Qe2 e3+ 31. Kh3 exf2 32. Qe6+ Qf7 33. Qe2 Nf5 34.
Qxf2 Ne3 35. Rdg1 Nxg4 36. Rxg4+ Kh8 37. Rf1 Bd7 38. Qe2 Qxh5+ 39. Kg2 Qxg4+
40. Qxg4 Bxg4 0-1

[Event "CAN-ch U20 2000"]
[Site "Montreal CAN"]
[Date "2000.05.03"]
[Round "1"]
[White "Lawson, Eric"]
[Black "Gushuliak, Justin"]
[Result "0-1"]
[WhiteElo "1808"]
[BlackElo "2097"]
[PlyCount "48"]
[EventDate "2000.05.03"]
[EventType "swiss"]
[EventRounds "8"]
[EventCountry "CAN"]

1. e4 c5 2. Nf3 Nc6 3. d4 cxd4 4. Nxd4 Nf6 5. Nc3 d6 6. Be3 g6 7. Be2 Bg7 8.
O-O O-O 9. h3 Nxd4 10. Bxd4 Be6 11. f4 Rc8 12. Bf3 a6 13. g4 Qc7 14. g5 Nd7 15.
Bxg7 Kxg7 16. Bg4 Qb6+ 17. Kg2 Qxb2 18. Qd4+ Kg8 19. Bxe6 fxe6 20. Ne2 Rxc2 21.
Qxb2 Rxb2 22. Rf2 Nc5 23. Kf3 e5 24. Nc3 Rxf4+ 0-1

[Event "CAN-ch U20 2000"]
[Site "Montreal CAN"]
[Date "2000.05.04"]
[Round "2"]
[White "Lawson, Eric"]
[Black "Lentini, Joseph"]
[Result "0-1"]
[WhiteElo "1808"]
[BlackElo "2130"]
[PlyCount "142"]
[EventDate "2000.05.03"]
[EventType "swiss"]
[EventRounds "8"]
[EventCountry "CAN"]

1. e4 c5 2. Nf3 Nc6 3. d4 cxd4 4. Nxd4 e5 5. Nb5 d6 6. N1c3 a6 7. Na3 b5 8. Nd5
Be7 9. Be3 Rb8 10. Bd3 Nf6 11. Nxe7 Qxe7 12. Bg5 h6 13. Bxf6 Qxf6 14. c3 O-O
15. Nc2 Be6 16. Ne3 Rfd8 17. O-O Na5 18. b3 Qg5 19. Rc1 g6 20. Qf3 Nc6 21. Rfd1
a5 22. Qe2 b4 23. c4 Nd4 24. Qf1 f5 25. Nc2 Nc6 26. f3 Kg7 27. Qf2 Qe7 28. Rd2
Ra8 29. Qb6 Qa7 30. Qxa7+ Rxa7 31. Rcd1 Kf7 32. exf5 gxf5 33. g4 Ne7 34. Bxf5
Bxf5 35. gxf5 Nxf5 36. c5 Rad7 37. Kf2 Ke6 38. cxd6 Nxd6 39. Ke2 Nb5 40. Rxd7
Nc3+ 41. Ke1 Rxd7 42. Rxd7 Kxd7 43. a3 a4 44. Nxb4 axb3 45. Nd3 Kd6 46. Nb2 Kc5
47. a4 Kb4 48. Kd2 Nxa4 49. Nd3+ Ka3 50. Nxe5 Nb6 51. Nd3 Nd5 52. Kc1 Ka2 53.
Kd2 Ka1 54. Ke1 Nf4 55. Nxf4 b2 56. Kd2 b1=Q 57. Ke3 Qe1+ 58. Ne2 Qh4 59. f4
Qxh2 60. Nd4 Qg3+ 61. Ke4 h5 62. Nf5 Qe1+ 63. Kf3 h4 64. Kg4 Qe6 65. Kg5 h3 66.
Ng3 h2 67. f5 Qg8+ 68. Kf4 Qxg3+ 69. Kxg3 h1=Q 70. Kf4 Qh6+ 71. Ke5 Qf8 0-1

[Event "CAN-ch U20 2000"]
[Site "Montreal CAN"]
[Date "2000.05.04"]
[Round "3"]
[White "Timbaliuk, Veaceslav"]
[Black "Lawson, Eric"]
[Result "0-1"]
[WhiteElo "1294"]
[BlackElo "1808"]
[PlyCount "98"]
[EventDate "2000.05.03"]
[EventType "swiss"]
[EventRounds "8"]
[EventCountry "CAN"]

1. e4 c5 2. Nf3 Nc6 3. d4 cxd4 4. Nxd4 e5 5. Nf3 Be7 6. Be2 d6 7. h3 Nf6 8. Nc3
Be6 9. O-O d5 10. exd5 Nxd5 11. Nxd5 Bxd5 12. Bb5 e4 13. Ne5 O-O 14. c4 Nxe5
15. cxd5 a6 16. Ba4 f5 17. Bb3 Kh8 18. Bd2 Nd3 19. Bc3 Bc5 20. Qd2 b5 21. Qh6
Qe7 22. Qe6 Qxe6 23. dxe6 b4 24. Bd2 Nxf2 25. Rxf2 e3 26. Re2 exd2+ 27. Kh1
Rfd8 28. e7 Re8 29. Rxd2 Bxe7 30. Re1 Bh4 31. Rxe8+ Rxe8 32. Bc4 Re1+ 33. Kh2
f4 34. g3 fxg3+ 35. Kg2 a5 36. Rd4 Bf6 37. Rd3 Re2+ 38. Kxg3 Rxb2 39. Rd5 Rc2
40. Rxa5 Bh4+ 41. Kxh4 Rxc4+ 42. Kg3 h6 43. Ra8+ Kh7 44. Ra4 g5 45. Kf2 Kg6 46.
a3 Rc2+ 47. Ke1 b3 48. Rb4 b2 49. Rb6+ Kh5 0-1

[Event "CAN-ch U20 2000"]
[Site "Montreal CAN"]
[Date "2000.05.05"]
[Round "4"]
[White "Johnson, Kyle"]
[Black "Lawson, Eric"]
[Result "0-1"]
[WhiteElo "1584"]
[BlackElo "1808"]
[PlyCount "82"]
[EventDate "2000.05.03"]
[EventType "swiss"]
[EventRounds "8"]
[EventCountry "CAN"]

1. d4 Nf6 2. c4 e6 3. Nf3 b6 4. g3 Bb7 5. Bg2 c5 6. dxc5 Bxc5 7. e3 O-O 8. O-O
a6 9. Nc3 Qc7 10. Qc2 Be7 11. b3 d6 12. Bb2 Nbd7 13. Ne2 Rac8 14. Rac1 Qb8 15.
Qd2 Rc7 16. h4 Rfc8 17. Nf4 Qa8 18. Qe2 b5 19. cxb5 axb5 20. a3 e5 21. Nh3 Nc5
22. b4 Na4 23. Rxc7 Rxc7 24. Ne1 Ne4 25. Kh2 Bd5 26. f4 Bc4 27. Nd3 Nxb2 28.
Nhf2 Bxd3 29. Nxd3 Nxd3 30. Qxd3 d5 31. Qxb5 Nf6 32. fxe5 Ng4+ 33. Kg1 Nxe3 34.
Re1 Nxg2 35. Kxg2 Rc2+ 36. Kh3 Qc8+ 37. e6 fxe6 38. Qd3 e5+ 39. g4 Rc3 40. Qxc3
Qxc3+ 41. Kg2 Qxe1 0-1

[Event "CAN-ch U20 2000"]
[Site "Montreal CAN"]
[Date "2000.05.05"]
[Round "5"]
[White "Lawson, Eric"]
[Black "Reddy, Tyler"]
[Result "1-0"]
[WhiteElo "1808"]
[BlackElo "2185"]
[PlyCount "63"]
[EventDate "2000.05.03"]
[EventType "swiss"]
[EventRounds "8"]
[EventCountry "CAN"]

1. e4 e6 2. d4 d5 3. Nd2 Nf6 4. e5 Nfd7 5. Bd3 c5 6. c3 Nc6 7. Ne2 Qb6 8. Nf3
cxd4 9. cxd4 f6 10. exf6 Nxf6 11. O-O Bd6 12. a3 O-O 13. b4 e5 14. dxe5 Nxe5
15. Nxe5 Bxe5 16. Be3 Qd8 17. Bc5 Rf7 18. Ra2 b6 19. f4 Bxf4 20. Nxf4 bxc5 21.
bxc5 Qe7 22. Qc1 Bd7 23. Re2 Qf8 24. Re5 Re8 25. Rg5 Bc6 26. Bg6 h6 27. Bxf7+
Qxf7 28. Rg3 Qe7 29. Ng6 Qe4 30. Rxf6 gxf6 31. Ne7+ Kf7 32. Nxc6 1-0

[Event "CAN-ch U20 2000"]
[Site "Montreal CAN"]
[Date "2000.05.06"]
[Round "6"]
[White "Cormos, Eugene"]
[Black "Lawson, Eric"]
[Result "1/2-1/2"]
[WhiteElo "2069"]
[BlackElo "1808"]
[PlyCount "70"]
[EventDate "2000.05.03"]
[EventType "swiss"]
[EventRounds "8"]
[EventCountry "CAN"]

1. e4 c5 2. c3 Nf6 3. e5 Nd5 4. d4 cxd4 5. cxd4 e6 6. Nf3 d6 7. Nc3 Bd7 8. Bd3
Bc6 9. O-O dxe5 10. Nxe5 Bd6 11. Ne4 Nb4 12. Nxd6+ Qxd6 13. Qg4 Qf8 14. Bb1 Nd7
15. Bf4 Nf6 16. Qe2 Nbd5 17. Bg3 Qb4 18. Rd1 Bb5 19. Bd3 Bxd3 20. Qxd3 O-O 21.
a3 Qe7 22. Rac1 Rfc8 23. Qb5 Ne4 24. Nd3 h5 25. Nf4 Qg5 26. Qxb7 Rcb8 27. Qc6
Nxg3 28. hxg3 Nxf4 29. gxf4 Qxf4 30. Rc3 Qg4 31. Rd2 Rd8 32. Qb7 Rdb8 33. Qd7
Rd8 34. Qb7 Rdb8 35. Qc6 Rd8 1/2-1/2

[Event "CAN-ch U20 2000"]
[Site "Montreal CAN"]
[Date "2000.05.06"]
[Round "7"]
[White "Lawson, Eric"]
[Black "Rodina, Nataliya"]
[Result "0-1"]
[WhiteElo "1808"]
[BlackElo "1962"]
[PlyCount "148"]
[EventDate "2000.05.03"]
[EventType "swiss"]
[EventRounds "8"]
[EventCountry "CAN"]

1. e4 c5 2. Nf3 Nc6 3. d4 cxd4 4. Nxd4 e5 5. Nb5 d6 6. N1c3 a6 7. Na3 Nf6 8.
Bg5 Be6 9. Nc4 b5 10. Ne3 Be7 11. Bxf6 Bxf6 12. Be2 O-O 13. O-O Nd4 14. Ncd5
Nxe2+ 15. Qxe2 Bg5 16. Qd3 g6 17. c4 Bxe3 18. Nxe3 bxc4 19. Nxc4 Bxc4 20. Qxc4
Qb6 21. b3 Rac8 22. Qd3 Rc6 23. Kh1 Rfc8 24. f4 exf4 25. Rxf4 Rc2 26. Qd5 Rc1+
27. Rf1 Rxf1+ 28. Rxf1 Qf2 29. Rg1 Qxa2 30. Qxd6 Qxb3 31. Qxa6 Qc4 32. Qb7 Qc6
33. Qxc6 Rxc6 34. Re1 Kg7 35. e5 Re6 36. g4 Kh6 37. h4 f6 38. Rf1 Rxe5 39. Rxf6
Re4 40. Kg2 Rxg4+ 41. Kh3 Kh5 42. Rf7 Rxh4+ 43. Kg3 Kg5 44. Rf3 Rg4+ 45. Kh3 h5
46. Ra3 Rf4 47. Ra5+ Rf5 48. Ra3 h4 49. Rb3 Kh5 50. Ra3 g5 51. Rb3 g4+ 52. Kg2
Rd5 53. Rb2 Kg5 54. Rf2 h3+ 55. Kh2 Kh4 56. Rf4 Rd2+ 57. Kg1 Kg3 58. Rf1 Kh4
59. Rf4 Kg5 60. Rf1 g3 61. Ra1 Kf4 62. Rf1+ Ke3 63. Re1+ Kf3 64. Rf1+ Ke2 65.
Ra1 Rd1+ 66. Rxd1 Kxd1 67. Kh1 Ke2 68. Kg1 g2 69. Kh2 Kf2 70. Kxh3 g1=Q 71. Kh4
Kf3 72. Kh5 Kf4 73. Kh6 Kf5 74. Kh7 Kf6 0-1

[Event "CAN-ch U20 2000"]
[Site "Montreal CAN"]
[Date "2000.05.07"]
[Round "8"]
[White "Bluvshtein, Mark"]
[Black "Lawson, Eric"]
[Result "1/2-1/2"]
[WhiteElo "2283"]
[BlackElo "1808"]
[PlyCount "89"]
[EventDate "2000.05.03"]
[EventType "swiss"]
[EventRounds "8"]
[EventCountry "CAN"]

1. e4 c5 2. Nf3 Nc6 3. d4 cxd4 4. Nxd4 e5 5. Nb5 d6 6. c4 Be7 7. Be2 f5 8. N1c3
a6 9. Na3 f4 10. Nd5 Nf6 11. Nxe7 Qxe7 12. f3 O-O 13. Nc2 Nh5 14. b3 Be6 15.
Ba3 Rad8 16. Qd3 Qh4+ 17. Kd2 Rd7 18. g3 Qg5 19. g4 Nf6 20. h4 Qg6 21. Rad1 Rc8
22. h5 Qf7 23. Ke1 b5 24. Bxd6 bxc4 25. bxc4 Nd4 26. c5 Rxd6 27. cxd6 Rxc2 28.
Rd2 Bc4 29. Qxc2 Nxc2+ 30. Rxc2 Bxe2 31. Kxe2 Qd7 32. Rd1 Qb5+ 33. Kf2 Kf7 34.
Kg2 Ke6 35. Rcd2 Qd7 36. Kf2 Ne8 37. Ke2 Qb5+ 38. Ke1 Kd7 39. Rd3 h6 40. a3 Nf6
41. Rc3 Qa5 42. Rdd3 Ne8 43. Kd2 Nxd6 44. Rd5 Qb6 45. Rcd3 1/2-1/2

[Event "Quebec-ch qual-1"]
[Site "Montreal CAN"]
[Date "2000.04.29"]
[Round "2"]
[White "Pitre, Francois"]
[Black "Lawson, Eric"]
[Result "1-0"]
[WhiteElo "2007"]
[BlackElo "1839"]
[PlyCount "51"]
[EventDate "2000.04.28"]
[EventType "swiss"]
[EventRounds "5"]
[EventCountry "CAN"]

1. d4 Nf6 2. Nf3 e6 3. Nbd2 d5 4. e3 c5 5. c3 Nc6 6. Bd3 c4 7. Bc2 Be7 8. Ne5
Nxe5 9. dxe5 Nd7 10. f4 Qb6 11. Qe2 Bc5 12. Nf3 O-O 13. Bxh7+ Kxh7 14. Ng5+ Kg6
15. Qg4 f5 16. Qh4 Nxe5 17. fxe5 Bxe3 18. Qh7+ Kxg5 19. Qxg7+ Kh5 20. Rf1 Bxc1
21. Rf3 Qg1+ 22. Ke2 Bg5 23. Rxg1 Bd7 24. Rg3 Rg8 25. Rxg5+ Kh4 26. Qh6# 1-0

[Event "Quebec-ch U16"]
[Site "Montreal CAN"]
[Date "2000.03.02"]
[Round "1"]
[White "Lawson, Eric"]
[Black "Gottlieb, Jonathan"]
[Result "0-1"]
[WhiteElo "1732"]
[BlackElo "2126"]
[PlyCount "72"]
[EventDate "2000.03.02"]
[EventType "tourn"]
[EventRounds "7"]
[EventCountry "CAN"]

1. e4 c5 2. Nc3 Nc6 3. g3 g6 4. Bg2 Bg7 5. Nge2 d6 6. d3 e6 7. O-O Nge7 8. f4
O-O 9. g4 f5 10. exf5 exf5 11. g5 d5 12. Re1 Rb8 13. Ng3 b5 14. Nb1 Qd6 15. h4
a5 16. Kh2 Ba6 17. Qe2 Kf7 18. Nc3 Rfe8 19. h5 b4 20. Nd1 a4 21. Ne3 a3 22. Rb1
axb2 23. Bxb2 Bxb2 24. Rxb2 Qxf4 25. Nxd5 Qh4+ 26. Kg1 Nxd5 27. Bxd5+ Kf8 28.
Qf2 Rxe1+ 29. Qxe1 Qd4+ 30. Qf2 Qxd5 31. Kh2 Qd4 32. Qxd4 Nxd4 33. c3 Nf3+ 34.
Kh1 Bxd3 35. cxb4 Rxb4 36. Rf2 Nxg5 0-1

[Event "Quebec-ch U16"]
[Site "Montreal CAN"]
[Date "2000.03.02"]
[Round "2"]
[White "Bachand-Fleurent, Julien"]
[Black "Lawson, Eric"]
[Result "0-1"]
[WhiteElo "1893"]
[BlackElo "1732"]
[PlyCount "52"]
[EventDate "2000.03.02"]
[EventType "tourn"]
[EventRounds "7"]
[EventCountry "CAN"]

1. e4 e5 2. Nf3 Nc6 3. d4 exd4 4. Bc4 Bc5 5. O-O Nge7 6. Ng5 Ne5 7. Nxf7 Nxf7
8. Bxf7+ Kxf7 9. Qh5+ g6 10. Qxc5 Nc6 11. c3 d6 12. Qb5 a6 13. Qb3+ Be6 14.
Qxb7 Qd7 15. cxd4 Rhb8 16. Qxa8 Rxa8 17. d5 Nd4 18. dxe6+ Qxe6 19. Nc3 Nb5 20.
Bd2 Nxc3 21. Bxc3 Qxe4 22. Rfe1 Qc6 23. Re3 Re8 24. Rae1 Rxe3 25. Rxe3 d5 26.
a3 d4 0-1

[Event "Quebec-ch U16"]
[Site "Montreal CAN"]
[Date "2000.03.03"]
[Round "3"]
[White "Charbonneau, Anne-Marie"]
[Black "Lawson, Eric"]
[Result "1/2-1/2"]
[WhiteElo "1680"]
[BlackElo "1732"]
[PlyCount "61"]
[EventDate "2000.03.02"]
[EventType "tourn"]
[EventRounds "7"]
[EventCountry "CAN"]

1. d4 Nf6 2. c4 e6 3. Nc3 Bb4 4. Qc2 c5 5. Nf3 cxd4 6. Nxd4 Bc5 7. e3 O-O 8.
Be2 b6 9. Bf3 d5 10. cxd5 exd5 11. Nde2 Bb7 12. O-O Nc6 13. Rd1 Ne5 14. Qf5
Nxf3+ 15. Qxf3 Qc7 16. Nb5 Qe7 17. Nbd4 Bc8 18. h3 Ne4 19. b3 Be6 20. Bb2 Qd7
21. Nf4 Bd6 22. Ndxe6 fxe6 23. Qg4 Bxf4 24. exf4 Rf7 25. Rac1 a5 26. Rc2 Nc5
27. Be5 Rc8 28. Rdc1 Rd8 29. Rd1 Rc8 30. Rdc1 Rd8 31. Rd1 1/2-1/2

[Event "Quebec-ch U16"]
[Site "Montreal CAN"]
[Date "2000.03.03"]
[Round "4"]
[White "Lawson, Eric"]
[Black "Laframboise, Marc-Andre"]
[Result "0-1"]
[WhiteElo "1732"]
[BlackElo "2090"]
[PlyCount "82"]
[EventDate "2000.03.02"]
[EventType "tourn"]
[EventRounds "7"]
[EventCountry "CAN"]

1. e4 c5 2. Nf3 d6 3. d4 cxd4 4. Nxd4 Nf6 5. Nc3 a6 6. Be2 e5 7. Nb3 Be7 8. O-O
b5 9. Be3 Bb7 10. Nd5 Nxd5 11. exd5 O-O 12. a4 b4 13. a5 Qe8 14. Qd2 f5 15. f4
Qg6 16. Rad1 Nd7 17. Qxb4 Rab8 18. Qd2 Nf6 19. fxe5 dxe5 20. Bc4 Kh8 21. Bb6
Qg4 22. Qd3 Rbc8 23. Nd2 e4 24. Qd4 Nxd5 25. Bxd5 Bf6 26. Qb4 Bxd5 27. h3 Qg3
28. Bf2 Qg5 29. c4 Ba8 30. Bc5 Rfe8 31. Bd6 Be5 32. Bxe5 Rxe5 33. Qb6 f4 34.
Qxa6 Rce8 35. Kh1 e3 36. Nf3 Bxf3 37. Rxf3 e2 38. Re1 Qh4 39. Rxe2 Rxe2 40. Qd6
Qe1+ 41. Kh2 Rxg2+ 0-1

[Event "Quebec-ch U16"]
[Site "Montreal CAN"]
[Date "2000.03.04"]
[Round "5"]
[White "Mogilevsky, Olga"]
[Black "Lawson, Eric"]
[Result "1-0"]
[WhiteElo "1615"]
[BlackElo "1732"]
[PlyCount "115"]
[EventDate "2000.03.02"]
[EventType "tourn"]
[EventRounds "7"]
[EventCountry "CAN"]

1. e4 e5 2. Nf3 Nc6 3. Bb5 a6 4. Ba4 Nf6 5. O-O Be7 6. Re1 b5 7. Bb3 d6 8. c3
Bg4 9. h3 Bh5 10. d3 O-O 11. Nbd2 Na5 12. Bc2 c5 13. g4 Bg6 14. a4 h5 15. Nh2
Qd7 16. Ndf1 h4 17. f4 exf4 18. Bxf4 Nh7 19. Nf3 Nc6 20. Ne3 b4 21. Nd5 Rab8
22. a5 Bd8 23. Ba4 Nf6 24. Ne3 Qc7 25. Nc4 Ne8 26. Nb6 Qb7 27. Nd5 Qd7 28. cxb4
cxb4 29. Rc1 Rc8 30. Nd4 Qa7 31. Be3 Nxd4 32. Rxc8 Bg5 33. Rxe8 Bxe3+ 34. Nxe3
Rxe8 35. Bxe8 Qe7 36. Ba4 Qe5 37. Nf1 Qf4 38. Re3 d5 39. exd5 f5 40. Bb3 Bf7
41. Bc4 Kf8 42. d6 Be8 43. Rxe8+ Kxe8 44. Qe1+ Qe4 45. dxe4 Nf3+ 46. Kf2 fxg4
47. d7+ Kd8 48. Qxb4 Ng5 49. Qf8+ Kxd7 50. Qxg7+ Ke8 51. Qxg5 g3+ 52. Kg2 Kf8
53. Qd8+ Kg7 54. Qe7+ Kh8 55. Qf8+ Kh7 56. e5 Kg6 57. e6 Kh5 58. Qg8 1-0

[Event "Quebec-ch U16"]
[Site "Montreal CAN"]
[Date "2000.03.04"]
[Round "6"]
[White "Lawson, Eric"]
[Black "Miron, Francois"]
[Result "1-0"]
[WhiteElo "1732"]
[BlackElo "1864"]
[PlyCount "83"]
[EventDate "2000.03.02"]
[EventType "tourn"]
[EventRounds "7"]
[EventCountry "CAN"]

1. e4 c5 2. Nf3 Nc6 3. d4 cxd4 4. Nxd4 Nf6 5. Nc3 e5 6. Ndb5 d6 7. Bg5 a6 8.
Na3 b5 9. Nd5 Be7 10. Bxf6 Bxf6 11. Be2 Ne7 12. Nxf6+ gxf6 13. Bf3 Bb7 14. Qe2
Rc8 15. O-O Rg8 16. c4 b4 17. Nc2 Qb6 18. Ne3 Rc5 19. b3 Bc8 20. Bg4 Bxg4 21.
Nxg4 Rg6 22. Ne3 Qb7 23. Qf3 Qd7 24. Rad1 Kf8 25. Rd2 Kg7 26. Rfd1 Rc6 27. Nf5+
Nxf5 28. Qxf5 Qd8 29. h4 Qe7 30. Rd5 Kh8 31. Qh3 Rg8 32. Qd3 Ra8 33. Rxd6 Rxd6
34. Qxd6 Qxd6 35. Rxd6 Kg7 36. Kf1 a5 37. Ke2 Kg6 38. g4 h6 39. c5 Rc8 40. c6
Rc7 41. Kd3 h5 42. g5 1-0

[Event "Quebec-ch U16"]
[Site "Montreal CAN"]
[Date "2000.03.05"]
[Round "7"]
[White "Galustov, Karen"]
[Black "Lawson, Eric"]
[Result "0-1"]
[WhiteElo "1612"]
[BlackElo "1732"]
[PlyCount "38"]
[EventDate "2000.03.02"]
[EventType "tourn"]
[EventRounds "7"]
[EventCountry "CAN"]

1. d4 Nf6 2. c4 e6 3. Nc3 Bb4 4. Qc2 c5 5. e3 O-O 6. Nf3 cxd4 7. exd4 d5 8. a3
Bxc3+ 9. bxc3 b6 10. Bd3 dxc4 11. Bxc4 Bb7 12. Qe2 Qc7 13. Ne5 b5 14. Bg5 Ne4
15. Bf4 bxc4 16. O-O Nxc3 17. Qg4 f5 18. Qh4 Ne2+ 19. Kh1 Nxf4 0-1

[Event "Outaouais op U1600"]
[Site "Hull CAN"]
[Date "1998.10.24"]
[Round "2"]
[White "Legault, Stephane"]
[Black "Lawson, Eric"]
[Result "1-0"]
[WhiteElo "1393"]
[BlackElo "1149"]
[PlyCount "171"]
[EventDate "1998.10.23"]
[EventType "swiss"]
[EventRounds "5"]
[EventCountry "CAN"]

1. c4 e5 2. Nc3 Nf6 3. d3 d5 4. cxd5 Nxd5 5. g3 Nc6 6. Bg2 Be6 7. Nf3 Bc5 8.
O-O Qd7 9. Ng5 Nxc3 10. bxc3 Bf5 11. Qb3 Bb6 12. Be3 f6 13. Bxb6 axb6 14. e4
fxg5 15. exf5 Qxf5 16. Be4 Qf6 17. Bxh7 Na5 18. Qd5 c6 19. Qe4 Qh6 20. Qg6+ Ke7
21. Qxh6 gxh6 22. Be4 c5 23. Rfb1 Ra6 24. d4 exd4 25. cxd4 cxd4 26. Bd3 Ra7 27.
Rxb6 Nc6 28. Bc4 Kd6 29. Rb5 Rd8 30. Re1 Kc7 31. Kg2 Ra4 32. Bb3 Rb4 33. Rf5 d3
34. Rd1 Rd6 35. Rd2 Kb6 36. Rf3 Ne5 37. Re3 Rbd4 38. Rxe5 Ka6 39. Re6 Kb5 40.
Rxd6 Rxd6 41. Rb2 Kb4 42. Bd1+ Ka3 43. Rxb7 Kxa2 44. Kf3 Ka3 45. Ke3 d2 46.
Rb3+ Ka2 47. Rd3 Re6+ 48. Kxd2 Kb2 49. Rd4 Rf6 50. Ke1 Kc1 51. Rc4+ Kb2 52. f4
gxf4 53. Rxf4 Re6+ 54. Kf2 Kc3 55. Bf3 Kd3 56. Kg2 Ke3 57. Kh3 Rd6 58. Kg4 Kf2
59. Kh5 Kg1 60. h4 Kh2 61. Rg4 Rf6 62. Be4 Re6 63. Bg6 Kh3 64. Bf5 Re5 65. Kg6
h5 66. Rg5+ Kh2 67. Kxh5 Rb5 68. Kg6 Rb6+ 69. Kf7 Rh6 70. h5 Kg2 71. Bg6 Rh8
72. Kg7 Rb8 73. h6 Rb7+ 74. Kf6 Rb6+ 75. Kf5 Rb5+ 76. Kf4 Rb4+ 77. Be4+ Kf2 78.
h7 Rb8 79. Rg8 Rb2 80. h8=Q Re2 81. Qd4+ Re3 82. Qxe3+ Kf1 83. Bd3+ Kg2 84.
Qf3+ Kg1 85. Qf1+ Kh2 86. Rh8# 1-0

[Event "Montreal op"]
[Site "Montreal CAN"]
[Date "2024.09.13"]
[Round "1.5"]
[White "Guillemette, Thomas"]
[Black "Lawson, Eric"]
[Result "0-1"]
[WhiteElo "1881"]
[BlackElo "2203"]
[PlyCount "50"]
[EventDate "2024.09.13"]
[EventType "swiss"]
[EventRounds "5"]
[EventCountry "CAN"]

1. e4 c5 2. c3 Nf6 3. e5 Nd5 4. Nf3 d6 5. d4 cxd4 6. Qxd4 e6 7. Bg5 dxe5 8.
Bb5+ Bd7 9. Bxd7+ Nxd7 10. Qe4 f6 11. Bd2 Qb6 12. Qc2 Qa6 13. c4 Rc8 14. b3 b5
15. cxb5 Rxc2 16. bxa6 Rc6 17. O-O Bd6 18. Re1 Ke7 19. a3 Rxa6 20. Bc1 Rb8 21.
Nbd2 Nc5 22. Rb1 Nc3 23. Ra1 Nxb3 24. Nxb3 Rxb3 25. Re3 Bc5 0-1

[Event "Montreal op"]
[Site "Montreal CAN"]
[Date "2024.09.14"]
[Round "2.5"]
[White "Lawson, Eric"]
[Black "Ivanov Yuan, Maksim"]
[Result "1-0"]
[WhiteElo "2203"]
[BlackElo "1966"]
[PlyCount "67"]
[EventDate "2024.09.13"]
[EventType "swiss"]
[EventRounds "5"]
[EventCountry "CAN"]

1. e4 e5 2. Nf3 Nc6 3. Bc4 Bc5 4. c3 Nf6 5. d3 d6 6. O-O Bg4 7. b4 Bb6 8. a4 a5
9. b5 Ne7 10. Nbd2 Qd7 11. Re1 Ng6 12. Qb3 h6 13. d4 O-O 14. Bf1 Rae8 15. dxe5
dxe5 16. Ba3 Nh4 17. Rad1 Nxg2 18. Bxg2 Bh3 19. Qc4 Bxg2 20. Kxg2 Nh5 21. Qf1
Nf4+ 22. Kh1 Nd3 23. Nc4 Nxf2+ 24. Qxf2 Bxf2 25. Rxd7 Bxe1 26. Bxf8 Bxc3 27.
Be7 f5 28. exf5 e4 29. Ng1 Bb4 30. Rd8 Rxd8 31. Bxd8 c6 32. Bxa5 Bxa5 33. Nxa5
cxb5 34. axb5 1-0

[Event "Montreal op"]
[Site "Montreal CAN"]
[Date "2024.09.14"]
[Round "3.3"]
[White "Batorshyn, Ilia"]
[Black "Lawson, Eric"]
[Result "1/2-1/2"]
[WhiteElo "2086"]
[BlackElo "2203"]
[PlyCount "126"]
[EventDate "2024.09.13"]
[EventType "swiss"]
[EventRounds "5"]
[EventCountry "CAN"]

1. d4 Nf6 2. Bg5 e6 3. e4 h6 4. Bxf6 Qxf6 5. c3 d6 6. Bc4 c6 7. Ne2 d5 8. Bd3
dxe4 9. Bxe4 e5 10. dxe5 Qxe5 11. Nd2 Be7 12. O-O O-O 13. Re1 Rd8 14. Ng3 Qf4
15. Ngf1 Be6 16. g3 Qc7 17. Qc2 Nd7 18. Bh7+ Kh8 19. Bf5 Nf8 20. Bxe6 Nxe6 21.
Qf5 Kg8 22. Nf3 Rd5 23. Qg4 Ng5 24. Nd4 Qd7 25. Qxd7 Rxd7 26. h4 Nh7 27. Rad1
Rad8 28. Ne3 Bc5 29. Nef5 h5 30. Re5 Bf8 31. Rde1 g6 32. Ne3 Bg7 33. Ra5 Bxd4
34. cxd4 a6 35. Nc2 Nf8 36. Ra4 Ne6 37. Rb4 b5 38. Rc1 Rd5 39. Rb3 c5 40. dxc5
Rxc5 41. Rc3 Rxc3 42. bxc3 Rd2 43. Kf1 Nc5 44. Ke1 Rxf2 45. Kxf2 Nd3+ 46. Ke3
Nxc1 47. a3 Nb3 48. Nb4 a5 49. Nc6 Kg7 50. Na7 Kf6 51. Nxb5 Ke5 52. c4 f6 53.
Nc3 Nd4 54. Kd3 Nf5 55. Ne4 a4 56. c5 Kd5 57. Nxf6+ Kxc5 58. Nd7+ Kd5 59. Nf8
Ne7 60. Nd7 Kd6 61. Nb6 Nf5 62. Ke4 Nxg3+ 63. Kf4 Nf5 1/2-1/2